Jesús de Nazaret / Joseph Alois Ratzinger ; traducido por Carmen Bas Álvarez (Registro nro. 42366)
[ vista simple ]
| 000 -LÍDER | |
|---|---|
| Campo fijo de descripción fija | 014710000a22002410004500 |
| 020 ## - NÚMERO INTERNACIONAL NORMALIZADO PARA LIBROS | |
| Número Internacional Normalizado del libro | 978-958-42-1720-2 : 978--84-9920-080-4 |
| 041 0# - CÓDIGO DE IDIOMA | |
| Código de idioma para texto/pista de sonido o título separado | |
| 082 04 - NÚMERO DE CLASIFICACIÓN DECIMAL DEWEY | |
| Número de clasificación | G 232.95 B4637j |
| 001 - NÚMERO DE CONTROL | |
| Campo de control | 13387 |
| 100 1# - ASIENTO PRINCIPAL--NOMBRE PERSONAL | |
| Nombre personal | Benedicto XVI (1927 - ) |
| 245 10 - TÍTULO | |
| Título del Material | Jesús de Nazaret / Joseph Alois Ratzinger ; traducido por Carmen Bas Álvarez |
| 250 ## - MENCIÓN DE EDICIÓN | |
| Mención de edición | 2 |
| 260 ## - PUBLICACIÓN, DISTRIBUCIÓN, ETC. (PIE DE IMPRENTA) | |
| Lugar de publicación, distribución, etc. | Colombia : Planeta |
| 300 ## - DESCRIPCIÓN FÍSICA | |
| Extensión | vol. 1 - 2 |
| 336 ## - CONTENT TYPE | |
| Content type term | texto |
| Content type code | txt |
| Source | rdacontent |
| 337 ## - MEDIA TYPE | |
| Source | rdamedia |
| Media type term | sin mediación |
| Media type code | n |
| 338 ## - CARRIER TYPE | |
| Source | rdacarrier |
| Carrier type term | volumen |
| Carrier type code | nc |
| 500 ## - NOTA GENERAL | |
| Nota General | Título original: Jesús von Nazareth \ Biblioteca tiene volumen I y II |
| 505 00 - NOTA DE CONTENIDO | |
| Nota de contenido con formato preestablecido | \Volumen I: Desde el bautismo a la transfiguración -- El bautismo de Jesús - Las tentaciones de Jesús -- El sermón de la montaña -- La oración del Señor - Los discípulos - El mensaje de las parábolas - Las grandes imágenes del Evangelio de Juan - Dos hitos importantes en el camino de Jesús: la confesión de Pedro y la transfiguración - Nombres con los que Jesús se designa a sí mismo. \ Volumen II. Desde la entrada en Jerusalén hasta la resurrección -- Discurso escatológico de Jesús -- El lavatorio de los pies -- La oración sacerdotal de Jesús -- La última cena -- Getsemaní -- Crucifixión y sepultura de Jesús -- La resurrección de Jesús. |
| 600 14 - | |
| -- | Papa Benedicto XVI |
| 650 14 - ASIENTO SECUNDARIO DE MATERIA - TERMINO TEMÁTICO | |
| Término temático o nombre geográfico como elemento de entrada | JESUCRISTO \ BAUTISMO DE JESUS \ CRUCIFIXION DE JESUS \ TRANSFIGURACION DE JESUS \ RESURRECCION DE JESUS |
| 942 ## - TIPO DE MATERIAL (KOHA) | |
| Tipo de Item KOHA | Libros General |
| Estado de Material | Estado de Perdido | Forma de Clasificación | Volumen-Parte/Tomo | Estado de Dañado | No para Préstamo | Colección | Tomo | Biblioteca de Origen | Biblioteca Permanente | Fecha de Adquisición | Total de Préstamos | Total de Renovaciones | Signatura Topográfica | Código de Barras | Última vez visto | Última vez Préstado | Ejemplar/Existencia | Fecha de Remplazo | Tipo de Material |
|---|---|---|---|---|---|---|---|---|---|---|---|---|---|---|---|---|---|---|---|
| Dewey Decimal Classification | 1 | Colección General | Biblioteca FUSBC | Biblioteca FUSBC | 19/10/2009 | 10 | 4 | G 232.95 B4637j | 17111 | 21/05/2024 | 21/05/2024 | 1 | 26/01/2016 | Libros General | |||||
| 2 | Colección General | Biblioteca FUSBC | Biblioteca FUSBC | 26/07/2011 | 6 | G 232.95 B4637j | 17415 | 23/03/2024 | 19/07/2019 | 1 | 26/01/2016 | Libros General |
